000 00360nam a2200145Ia 4500
008 230711s9999||||xx |||||||||||||| ||und||
041 _aENG
082 _a624
_bBL-W
100 _aBlack,Bruce J
245 0 _aWorkshop process practices and material
250 _a1st
260 _c1984
_aBritain
_bElbs Britain
650 _aMechanical Engineering
942 _cBK
999 _c1151
_d1151